| 000 | 00940nam a2200253 4500 | ||
|---|---|---|---|
| 001 | 1591 | ||
| 003 | BR-CuiBMT | ||
| 005 | 20231216181308.0 | ||
| 008 | 231216s2009 esba s000 0 por d | ||
| 040 |
_aBR-CuiBMT _cBR-CuiBMT |
||
| 080 |
_a94:719 _x(815.2) _22007 |
||
| 090 |
_a94:719(815.2) _bM386p |
||
| 100 | 1 | _aMartinuzzo, José Antonio | |
| 245 | 1 | 0 |
_aPalácio Anchieta : _bpatrimônio capixaba / _cJosé Antonio Martinuzzo ; fotografia Alair Caliari. |
| 260 |
_aVitória : _bGoverno do Estado do Espírito Santo, _c2009. |
||
| 300 |
_a237 p. : _bil. color. ; _c32 cm |
||
| 500 | _aEdição bilíngue: português e inglês. | ||
| 650 |
_aPalácio Anchieta _xPatrimônio histórico _zVitória (ES) |
||
| 650 |
_aEspírito Santo (Estado) _xHistória |
||
| 650 |
_aPatrimônio cultural _zEspírito Santo (Estado) |
||
| 650 |
_aArquitetura jesuística _yEspírito Santo (Estado) |
||
| 700 | 1 |
_aCaliari, Alair _efotografia |
|
| 942 |
_2udc _cLV |
||
| 999 |
_c1591 _d1591 |
||